01545nam a2200349 a 4500001001000000003000500010005001700015008004100032010001100073011001100084040000900095090001000104100004300114245018600157260004100343500006000384502006900444590004100513590004000554590004000594650003400634650004400668650006300712650003200775856007000807901000700877942001000884942000600894999001900900952013600919952014001055000113116CHAP20220329144339.0170425s2016 mx a fsm |||||||spa d a109577 a110549 cCHAP aTesis1 aTehuacatl Xalamihua, Guillermo913200810aZonificación agroecológica del cultivo de caña de azucar (Saccharum officinarum L.) en el municipio de la Antigua, Veracruz /h[En línea]cpor Guillermo Tehuacatl Xalamihua. aChapingo, Méx. :bEl autor,c2016. aPara ver el contenido del material haga clic en la liga aTesis (Ing. Agr. Esp. en Suelos) -- UACH. Departamento de Suelos aE11695DGDb10c20170427lUCH01h1022 aE8697GMMb05c20170425lUCH01h1353 aE8697GMMb05c20170425lUCH01h144214aAzúcarxProducción.9917114aCaña de azúcarxRendimiento.91864314aProcesamiento de imágenesxTécnicas digitales.912488514aSuelosxAnálisis.9110204 aFinding aiduhttp://10.13.5.2/tesis/sist113116.pdfzTeclea aquí aBK cTESIS n0 c109577d109577 00104054718TESISaBCbBCd2017-04-25fTESISl0oTesisp33724002535074r2019-12-31 00:00:00w2019-12-31yTESISzRecien adquirido 00102local4053708TESISaBCbBCcPA_TESISd2017-04-25fTESISl0oTesisp33724002535116r2019-12-31 00:00:00tc.2w2019-12-31yTESIS